Statistics for List Of Longest NBA Careers

Click here to take the quiz!

General Stats

  • This quiz has been taken 25 times
  • The average score is 9 of 18

Answer Stats

Year RetiredAnswer% Correct
2019Dirk Nowitzki
78%
2016Kobe Bryant
78%
2003John Stockton
74%
1989Kareem Abdul-Jabbar
74%
2011Shaquille O'Neal
74%
2004Karl Malone
70%
1995Moses Malone
70%
2016Tim Duncan
65%
PresentVince Carter
65%
2015Kevin Garnett
61%
2017Paul Pierce
52%
1997Robert Parish
48%
2013Jason Kidd
35%
2007Kevin Willis
30%
2018Jason Terry
13%
2004Charles Oakley
9%
2013Juwan Howard
9%
1996James Edwards
4%

Score Distribution

Percentile by Number Answered

Percent of People with Each Score

Your Score History

You have not taken this quiz